<?xml version="1.0" encoding="UTF-8"?>
<collection xmlns="http://www.loc.gov/MARC21/slim">
<record>
  <controlfield tag="001">1459551</controlfield>
  <controlfield tag="003">SzGeCERN</controlfield>
  <controlfield tag="005">20210920102826.0</controlfield>
  <datafield tag="024" ind1="8" ind2=" ">
    <subfield code="a">oai:cds.cern.ch:1459551</subfield>
    <subfield code="p">cerncds:CONF</subfield>
    <subfield code="q">cerncds:TALK</subfield>
  </datafield>
  <datafield tag="035" ind1=" " ind2=" ">
    <subfield code="9">INSPIRE-CNUM</subfield>
    <subfield code="a">C12-09-17.10</subfield>
  </datafield>
  <datafield tag="041" ind1=" " ind2=" ">
    <subfield code="a">eng</subfield>
  </datafield>
  <datafield tag="110" ind1=" " ind2=" ">
    <subfield code="a">Collective</subfield>
  </datafield>
  <datafield tag="111" ind1=" " ind2=" ">
    <subfield code="9">20120917</subfield>
    <subfield code="a">Topical Workshop on Electronics for Particle Physics</subfield>
    <subfield code="c">Oxford, UK</subfield>
    <subfield code="d">17 - 21 Sep 2012</subfield>
    <subfield code="f">2012</subfield>
    <subfield code="g">oxford20120917</subfield>
    <subfield code="i">C12-09-17.10</subfield>
    <subfield code="w">GB</subfield>
    <subfield code="z">20120921</subfield>
  </datafield>
  <datafield tag="260" ind1=" " ind2=" ">
    <subfield code="c">2012</subfield>
  </datafield>
  <datafield tag="260" ind1=" " ind2=" ">
    <subfield code="c">2013</subfield>
  </datafield>
  <datafield tag="270" ind1=" " ind2=" ">
    <subfield code="m">twepp@cern.ch</subfield>
  </datafield>
  <datafield tag="340" ind1=" " ind2=" ">
    <subfield code="a">ebook</subfield>
  </datafield>
  <datafield tag="595" ind1=" " ind2=" ">
    <subfield code="a">CERN EDS</subfield>
  </datafield>
  <datafield tag="599" ind1=" " ind2=" ">
    <subfield code="a">ILSSYNC</subfield>
  </datafield>
  <datafield tag="599" ind1=" " ind2=" ">
    <subfield code="a">ILSLINK</subfield>
  </datafield>
  <datafield tag="650" ind1="1" ind2="7">
    <subfield code="2">SzGeCERN</subfield>
    <subfield code="a">Particle Physics - Experiment</subfield>
  </datafield>
  <datafield tag="650" ind1="2" ind2="7">
    <subfield code="2">SzGeCERN</subfield>
    <subfield code="a">Workshop</subfield>
  </datafield>
  <datafield tag="690" ind1="C" ind2=" ">
    <subfield code="a">CONFERENCE</subfield>
  </datafield>
  <datafield tag="690" ind1="C" ind2=" ">
    <subfield code="a">PROCEEDINGS</subfield>
  </datafield>
  <datafield tag="711" ind1=" " ind2=" ">
    <subfield code="a">TWEPP12</subfield>
  </datafield>
  <datafield tag="711" ind1=" " ind2=" ">
    <subfield code="a">TWEPP 2012</subfield>
  </datafield>
  <datafield tag="773" ind1=" " ind2=" ">
    <subfield code="p">JINST</subfield>
    <subfield code="v">7</subfield>
    <subfield code="y">2012</subfield>
    <subfield code="g">926536</subfield>
  </datafield>
  <datafield tag="773" ind1=" " ind2=" ">
    <subfield code="p">JINST</subfield>
    <subfield code="v">8</subfield>
    <subfield code="y">2013</subfield>
    <subfield code="g">926536</subfield>
  </datafield>
  <datafield tag="856" ind1="4" ind2=" ">
    <subfield code="u">http://www.physics.ox.ac.uk/twepp12/</subfield>
    <subfield code="y">Conference home page</subfield>
  </datafield>
  <datafield tag="856" ind1="4" ind2=" ">
    <subfield code="u">http://iopscience.iop.org/1748-0221/focus/extra.proc23</subfield>
    <subfield code="y">e-proceedings</subfield>
  </datafield>
  <datafield tag="916" ind1=" " ind2=" ">
    <subfield code="a">x</subfield>
    <subfield code="s">h</subfield>
    <subfield code="w">201237</subfield>
  </datafield>
  <datafield tag="960" ind1=" " ind2=" ">
    <subfield code="a">43</subfield>
  </datafield>
  <datafield tag="963" ind1=" " ind2=" ">
    <subfield code="a">PUBLIC</subfield>
  </datafield>
  <datafield tag="980" ind1=" " ind2=" ">
    <subfield code="a">PROCEEDINGS</subfield>
  </datafield>
</record>
</collection>